000
00298nam a2200133Ia 4500
008
220216s9999 xx 000 0 und d
100
_a
Philip A
245
0
_a
Manninte phala pushtti
260
_b
Rubber
_c
2019
300
_a
13-15
650
_a
Soil sampling
700
_a
Jessy M.D
942
_c
BS
999
_c
48644
_d
48644